| 000 | 00398nam a22001217a 4500 | ||
|---|---|---|---|
| 082 | _a200 THE | ||
| 100 |
_aShakila Shaheen _969822 |
||
| 245 | _aTH-SOF-1597-Design, FEM Modeling and Optimization of an Electrostatic RF-MEMS Varactor | ||
| 260 |
_aIslamabad _bNUST College of EME _c2018 |
||
| 650 | _aMS-ELECT-83 MSTHESIS | ||
| 700 |
_a Supervisor Dr. Syed Muhammad Tahir Zaidi _969742 |
||
| 942 | _cCF | ||
| 999 |
_c576933 _d576933 |
||